Microsoft® Excel® 2016 bible / (Record no. 33351)

MARC details
000 -LEADER
fixed length control field 01057cam a2200325 i 4500
005 - DATE AND TIME OF LATEST TRANSACTION
control field 20250115155428.0
008 - FIXED-LENGTH DATA ELEMENTS--GENERAL INFORMATION
fixed length control field 150810s2016 inua 001 0 eng d
010 ## - LIBRARY OF CONGRESS CONTROL NUMBER
LC control number 2015948798
020 ## - INTERNATIONAL STANDARD BOOK NUMBER
ISBN 9781119067511
035 ## - SYSTEM CONTROL NUMBER
System control number (OCoLC)ocn927374190
040 ## - CATALOGING SOURCE
Original cataloging agency YDXCP
Language of cataloging eng
Transcribing agency YDXCP
Description conventions rda
Modifying agency JSE
-- OCLCO
-- BDX
-- OCLCF
-- BTCTA
-- CCE
-- ZS3
-- IBI
-- JQM
-- DLC
042 ## - AUTHENTICATION CODE
Authentication code lccopycat
082 04 - DEWEY DECIMAL CLASSIFICATION NUMBER
Classification number 005.54
Edition number 23
Item number WAL-J
100 1# - MAIN ENTRY--AUTHOR
Author Name Walkenbach, John,
245 10 - TITLE STATEMENT
Title Microsoft® Excel® 2016 bible /
Statement of responsibility, etc. John Walkenbach.
260 ## - PUBLICATION, DISTRIBUTION, ETC.
Place of Publication USA:
Name of publisher, distributor, etc. Wiley,
Date of publication, distribution, etc. 2016.
300 ## - PHYSICAL DESCRIPTION
Pages xlv, 1106 pages :
336 ## - CONTENT TYPE
Content type term text
Source rdacontent
337 ## - MEDIA TYPE
Media type term unmediated
Source rdamedia
338 ## - CARRIER TYPE
Carrier type term volume
Source rdacarrier
500 ## - GENERAL NOTE
General note At head of title: Microsoft
500 ## - GENERAL NOTE
General note Includes index.
650 #0 - SUBJECT ADDED ENTRY--TOPICAL TERM
Subject / Department Microsoft Office
246 14 - VARYING FORM OF TITLE
Title proper/short title Excel 2016 bible
264 #1 - PRODUCTION, PUBLICATION, DISTRIBUTION, MANUFACTURE, AND COPYRIGHT NOTICE
Place of production, publication, distribution, manufacture Indianapolis, IN :
Name of producer, publisher, distributor, manufacturer Wiley,
Date of production, publication, distribution, manufacture, or copyright notice [2016]
300 ## - PHYSICAL DESCRIPTION
-- illustrations ;
-- 23 cm
906 ## - LOCAL DATA ELEMENT F, LDF (RLIN)
a 7
b cbc
c copycat
d 2
e ncip
f 20
g y-gencatlg
952 ## - LOCATION AND ITEM INFORMATION (KOHA)
-- 0
-- 0
Holdings
Lost status Damaged status Permanent Location Current Location Shelving Location Date acquired Full Call Number Accession No./Barcode Date last seen item type
    Superior Information Resource Center (SIRC) Superior University- Gold Campus Superior Information Resource Center (SIRC) Superior University- Gold Campus Microsoft Office 08/31/2023 005.54 WAL-J 2016 19743 08/31/2023 BOOK

Powered by Koha